| 000 | 01116nam a22002895a 4500 | ||
|---|---|---|---|
| 003 | EG-ScBUE | ||
| 005 | 20221116061156.0 | ||
| 008 | 090827s2004 ua o f b 000 0 bara d | ||
| 017 | _a2004 / 9238 | ||
| 020 | _a9773057102 | ||
| 040 |
_aEG-ScBUE _bara _erda _cEG-ScBUE _dEG-ScBUE |
||
| 043 | _af-ua--- | ||
| 082 | 0 | 4 |
_a791.430962 _bش و ق _222 |
| 100 | 1 |
_aشوقي، سعاد، _eمؤلف. _98677 |
|
| 245 | 1 | 0 |
_aسينما يوسف شاهين : _bتطور الرؤية والأسلوب / _cسعاد شوقي. |
| 264 | 1 |
_aالقاهرة : _bالهيئة العامة لقصور الثقافة، _c2004. |
|
| 300 |
_a248 صفحة : _bإيضاحيات ؛ _c24 سم. |
||
| 490 | 0 |
_aآفاق السينما ؛ _v40 |
|
| 504 | _aيشتمل على إرجاعات ببليوجرافية. | ||
| 600 | 0 | 7 |
_aيوسف شاهين، _d1926-2008 _xنقد وتفسير. _2BUEsh |
| 650 | 7 |
_aالإخراج السينمائي _zمصر. _2BUEsh _922155 |
|
| 650 | 7 |
_aالأفلام السينمائية _zمصر. _2BUEsh |
|
| 651 | _2BUEsh | ||
| 653 |
_bGGEN _bCOMAME _cSeptember2017 |
||
| 655 | _vReading book | ||
| 942 |
_2ddc _cBB |
||
| 999 |
_c12720 _d12720 |
||